<?xml version="1.0" encoding="UTF-8"?>
<record
    xmlns:xsi="http://www.w3.org/2001/XMLSchema-instance"
    xsi:schemaLocation="http://www.loc.gov/MARC21/slim http://www.loc.gov/standards/marcxml/schema/MARC21slim.xsd"
    xmlns="http://www.loc.gov/MARC21/slim">

  <leader>00496nam a22001457a 4500</leader>
  <datafield tag="020" ind1=" " ind2=" ">
    <subfield code="a">9781119786306</subfield>
  </datafield>
  <datafield tag="082" ind1=" " ind2=" ">
    <subfield code="a">621.042</subfield>
    <subfield code="b">PRI</subfield>
  </datafield>
  <datafield tag="100" ind1=" " ind2=" ">
    <subfield code="a">Priyadarshi, Neeraj</subfield>
  </datafield>
  <datafield tag="245" ind1=" " ind2=" ">
    <subfield code="a"> Intelligent renewable energy systems :</subfield>
    <subfield code="b"> integrating artificial intelligence techniques and optimization algorithms/</subfield>
    <subfield code="c">Neeraj Priyadarshi</subfield>
  </datafield>
  <datafield tag="260" ind1=" " ind2=" ">
    <subfield code="a"> Hoboken :</subfield>
    <subfield code="b">Wiley,</subfield>
    <subfield code="c">2022.</subfield>
  </datafield>
  <datafield tag="300" ind1=" " ind2=" ">
    <subfield code="a">xvi, 450 p :</subfield>
  </datafield>
  <datafield tag="563" ind1=" " ind2=" ">
    <subfield code="a">HB</subfield>
  </datafield>
  <datafield tag="700" ind1=" " ind2=" ">
    <subfield code="a"> Akash Kumar Bhoi, Sanjeevikumar Padmanaban</subfield>
    <subfield code="9">112465</subfield>
  </datafield>
  <datafield tag="942" ind1=" " ind2=" ">
    <subfield code="2">ddc</subfield>
    <subfield code="c">BK</subfield>
  </datafield>
  <datafield tag="999" ind1=" " ind2=" ">
    <subfield code="c">594819</subfield>
    <subfield code="d">594819</subfield>
  </datafield>
  <datafield tag="952" ind1=" " ind2=" ">
    <subfield code="0">0</subfield>
    <subfield code="1">0</subfield>
    <subfield code="2">ddc</subfield>
    <subfield code="4">0</subfield>
    <subfield code="6">621_042000000000000_PRI</subfield>
    <subfield code="7">0</subfield>
    <subfield code="9">588552</subfield>
    <subfield code="a">SMME</subfield>
    <subfield code="b">SMME</subfield>
    <subfield code="c">GEN</subfield>
    <subfield code="d">2023-05-19</subfield>
    <subfield code="l">0</subfield>
    <subfield code="o">621.042 PRI</subfield>
    <subfield code="p">SMME-4381</subfield>
    <subfield code="r">2023-05-19</subfield>
    <subfield code="w">2023-05-19</subfield>
    <subfield code="y">BK</subfield>
  </datafield>
</record>
